000
00224nam a22000857a 4500
008
160704b xxu||||| |||| 00| 0 eng d
100
_9
2073
_a
George, L
245
_a
Gautama Buddha
260
_a
New Delhi
_b
National Book Trust
_c
1982
999
_c
1770
_d
1770